000 00930nam a2200277 i 4500
003 EG-GICUC
005 20260121101212.0
008 251111s1935 ii |f |||| 000 0 eng d
040 _aEG-GiCUC
_beng
_cEG-GiCUC
_dEG-GiCUC
_erda
041 0 _aeng
082 0 4 _221
_a338.9
_bRA . S
092 0 4 _221
099 _aLaw1 13 338.9 RA . S 1935
100 1 _aRao , N. S. Subba
_eAuthor.
245 1 0 _aSome Aspects Of Economic Planning :
_bBeing Sir William Meyer Lectures, 1932-33 University Of Madras /
_cBy N. S. Subba Rao.
264 3 _aBangalore City :
_bThe Bangalore Press
_c1935.
300 _a270 pages ;
_c20 cm.
336 _2rda content
_atext
337 _2rda media
_aComputer
338 _2rda carrier
_aOnline Resource
546 _aText in English
650 1 4 _aPublic finance and tax legislation
856 4 0 _uhttps://fll.law.cu.edu.eg/fulltext/bks/B13-07421.pdf
905 _a48
942 _2ddc
_cBK
_e21
_n0
999 _c42724
_d42724